01081nam a2200193Ia 4500001001000000003001000010008004100020040002500061041001300086100001700099245002400116250001100140260005500151300002800206500026200234501011400496520026200610650001500872L150-1482IT-CnALBA170116s9999||||xx |||||||||||||| ||und|| aIT-CnALBAcIT-CnALBA aITALIANO aLEPP IGNAZIO 0aIGIENE DELL'ANIMA.  a1a ed. a TORINO. ROMAbBORLA EDITORE c1965 [1° Ed.:1965] a176 p. (prefazione: 13) aTRADUZIONE DAL TEDESCO DI POMA P. CONSOLATA. IGIENE DELL'ANIMA INFANTILE. ESISTENZA UTERINA. PRIMA INFANZIA. ADOLESCENZA. IGIENE DELL'ANIMA ADULTA. EQUILIBRIO CORPO ANIMA. SESSUALITÀ. VERSO IL TRAMONTO. IGIENE DELL'ANIMA E VITA CRISTIANA. CONSULTAZIONE DE aSocietà San Paolo EM - Piazza San Paolo, 14 - 12051 ALBA (CN) (non commercial uses only) ® Copyright 2017 aTRADUZIONE DAL TEDESCO DI POMA P. CONSOLATA. IGIENE DELL'ANIMA INFANTILE. ESISTENZA UTERINA. PRIMA INFANZIA. ADOLESCENZA. IGIENE DELL'ANIMA ADULTA. EQUILIBRIO CORPO ANIMA. SESSUALITÀ. VERSO IL TRAMONTO. IGIENE DELL'ANIMA E VITA CRISTIANA. CONSULTAZIONE DE aPSICOLOGIA